[Event "Tourn. n8160"]
[Site "www.chess-mail.com"]
[Date "2015.07.20"]
[Round "1"]
[White "Aperturaf"]
[Black "Roqueur"]
[WhiteElo "2460"]
[BlackElo "2610"]
[Result "0-1"]
[Round "1"]
1.e4 c5
2.Ng1f3 d6
3.d4 cxd4
4.Qd1xd4 Nb8c6
5.Bf1b5 Bc8d7
6.Bb5xc6 Bd7xc6
7.c4 Ng8f6
8.Nb1c3 g6
9.O-O Bf8g7
10.Qd4d3 O-O
11.Nf3d4 Ra8c8
12.b3 Nf6xe4
13.Nc3xe4 d5
14.Nd4xc6 Rc8xc6
15.Ra1b1 dxe4
16.Qd3xe4 Qd8d7
17.Bc1g5 Rc6e6
18.Qe4f3 Rf8d8
19.Rb1d1 Bg7d4
20.Bg5e3 Re6f6
21.Qf3e2 e5
22.Be3xd4 exd4
23.Rd1d3 Rf6e6
24.Qe2d2 Qd7d6
25.Qd2a5 Qd6e7
26.h3 b6
27.Qa5d2 Re6e2
28.Qd2f4 Re2e4
29.Qf4d2 Qe7e5
30.f4 Qe5e7
31.f5 g5
32.f6 Qe7e5
33.Qd2f2 h6
34.Rd3d1 d3
35.Rf1e1 Rd8d4
36.Re1f1 Rd4d6
37.Qf2f5 Qe5d4
38.Qf5f2 Re4e3
39.Rd1e1 Rd6e6
40.a3 Re6e4
41.Re1xe3 Re4xe3
42.Rf1d1 Qd4e4
43.Kf1 Re3xh3
44.Kg1 Rh3e3
45.Kf1 g4
46.Rd1e1 Re3xe1
47.Qf2xe1 Qe4xe1
48.Kxe1 h5
{ resign }
0-1

[Event "Tourn. n8113"]
[Site "www.chess-mail.com"]
[Date "2015.07.20"]
[Round "1"]
[White "Emmanuelasi"]
[Black "Tartan"]
[WhiteElo "2340"]
[BlackElo "2370"]
[Result "0-1"]
[Round "1"]
1.e4 e5
2.Ng1f3 Nb8c6
3.Bf1b5 a6
4.Bb5a4 Ng8f6
5.O-O Bf8e7
6.Rf1e1 b5
7.Ba4b3 d6
8.c3 O-O
9.d4 Bc8g4
10.Bc1e3 exd4
11.cxd4 Nc6a5
12.Bb3c2 c5
13.Nb1d2 cxd4
14.Be3xd4 Na5c6
15.Bd4e3 d5
16.exd5 Nf6xd5
17.h3 Nd5xe3
18.Re1xe3 Bg4d7
19.Nd2f1 Ra8c8
20.Re3d3 Rc8c7
21.a3 Qd8c8
22.Nf1e3 Bd7e6
23.Ne3d5 Be6xd5
24.Rd3xd5 Be7f6
25.Ra1b1 Nc6a5
26.Bc2f5 { time. }
0-1

[Event "Tourn. n8281"]
[Site "www.chess-mail.com"]
[Date "2015.07.20"]
[Round "1"]
[White "Aggiesam"]
[Black "A27l"]
[WhiteElo "1319"]
[BlackElo "1130"]
[Result "1-0"]
[Round "1"]
1.e4 e5
2.Ng1f3 d6
3.Bf1c4 h6
4.Nb1c3 c6
5.d4 Bf8e7
6.O-O Ng8f6
7.b3 O-O
8.Nf3h4 Bc8e6
9.Bc4xe6 fxe6
10.Qd1f3 Qd8e8
11.Qf3g3 Kh7
{ time. }
1-0

[Event "Tourn. n8306"]
[Site "www.chess-mail.com"]
[Date "2015.07.20"]
[Round "1"]
[White "Guidom"]
[Black "Xkafi"]
[WhiteElo "2070"]
[BlackElo "1960"]
[Result "1-0"]
[Round "1"]
1.e4 e5
2.Ng1f3 Qd8f6
3.Nb1c3 c6
4.d3 h6
5.Bc1e3 Bf8b4
6.Qd1d2 d5
7.exd5 cxd5
8.a3 Bb4a5
9.b4 d4
10.bxa5 dxe3
11.Qd2xe3 Nb8c6
12.Nc3e4 Qf6e7
13.Bf1e2 Nc6xa5
14.O-O Ng8f6
15.Ne4xf6 Qe7xf6
16.Qe3xe5 Qf6xe5
17.Nf3xe5 O-O
18.d4 Rf8d8
19.c3 Bc8e6
20.Ra1b1 b6
21.Be2f3 Ra8c8
22.Rf1c1 Na5b3
23.Rc1d1 Rc8xc3
24.d5 Be6f5
25.Rb1b2 Nb3c5
26.Ne5c6 Rd8d7
27.h3 Nc5e4
28.Rb2b4 Ne4g5
29.Nc6e5 Rd7d6
30.Bf3e2 Rc3xa3
31.Rb4c4 Ra3a2
32.Be2f3 f6
33.Ne5c6 Ng5xf3
34.gxf3 Bf5xh3
35.Nc6b4 Ra2a4
36.Rc4e4 Bh3f5
37.Re4f4 g6
38.Nb4d3 Ra4a3
39.Nd3b4 Ra3a4
40.Rf4d4 a5
41.Nb4a6 Ra4a3
42.Na6c7 Kf7
43.Nc7b5 Rd6xd5
44.Rd4xd5 Ra3xf3
45.Nb5d6 Ke6
46.Nd6xf5 Rf3xf5
47.Rd5d6 Ke7
48.Rd6xb6 g5
49.Kg2 Rf5f4
50.Rb6a6 a4
51.Rd1a1 Rf4g4
52.Kf1 Rg4h4
53.Ra6xa4 g4
54.Kg2 Kf7
55.Ra1h1 Rh4xh1
56.Kxh1 h5
57.Kh2 Kg6
58.Kg3 Kg5
59.Ra4a5 f5
60.f4 gxf3
61.Kxf3 h4
62.Ra5a8 { resign }
1-0

[Event "Tourn. n8151"]
[Site "www.chess-mail.com"]
[Date "2015.07.20"]
[Round "1"]
[White "Korto"]
[Black "Woodpusher2"]
[WhiteElo "2450"]
[BlackElo "2600"]
[Result "1/2-1/2"]
[Round "1"]
1.Ng1f3 c5
2.c4 Ng8f6
3.g3 b6
4.Bf1g2 Bc8b7
5.Nb1c3 g6
6.d4 cxd4
7.Qd1xd4 Bf8g7
8.Qd4f4 d6
9.O-O Nb8d7
10.Rf1d1 Ra8c8
11.b3 Nf6e4
12.Nc3xe4 Bb7xe4
13.Qf4xe4 Bg7xa1
14.Rd1xd6 Qd8c7
15.Bc1f4 Nd7c5
16.Qe4e3 Rc8d8
17.Rd6d5 Qc7c8
18.Bf4e5 Rd8xd5
19.cxd5 Ba1xe5
20.Nf3xe5 Qc8c7
21.Ne5c6 a5
22.Qe3h6 Qc7d6
23.e4 Nc5d7
24.Bg2f1 Nd7e5
25.Nc6d4 Kd7
26.Bf1b5 Kc8
27.Qh6d2 Qd6b4
28.Qd2xb4 axb4
29.f4 Ne5d7
30.Nd4c2 Nd7f6
31.Bb5d3 Nf6d7
32.Nc2xb4 e5
33.Bd3b5 exf4
34.gxf4 g5
35.Kf2 gxf4
36.Nb4c6 f6
37.Kf3 Kc7
38.a4 Rh8g8
39.Kxf4 Rg8g2
40.h3 Rg2f2
41.Ke3 Rf2h2
42.Bb5f1 Rh2b2
43.Nc6d4 Rb2b1
44.Bf1c4 Rb1h1
45.Kf4 Rh1xh3
46.b4 h5
47.a5 bxa5
48.bxa5 h4
49.Bc4e2 Rh3h2
50.Kf5 h3
51.Kg4 Nd7e5
52.Kg3 Rh2h1
53.Nd4b5 Kb8
54.Be2h5 h2
55.Nb5d6 Kc7
56.Nd6e8 Kd8
57.a6 Ne5d7
58.a7 Rh1a1
59.Kxh2 Ra1xa7
60.Kg3 Ra7a1
61.Ne8d6 Nd7e5
62.Bh5e2 Ra1a2
63.Be2h5 Ke7
{ draw }
1/2-1/2

[Event "Tourn. n8183"]
[Site "www.chess-mail.com"]
[Date "2015.07.20"]
[Round "1"]
[White "Difficult"]
[Black "Abuelo"]
[WhiteElo "2040"]
[BlackElo "2080"]
[Result "0-1"]
[Round "1"]
1.d4 d5
2.Bc1f4 Nb8c6
3.e3 Ng8f6
4.Ng1f3 Bc8g4
5.Bf1e2 Bg4xf3
6.Be2xf3 e6
7.O-O Bf8d6
8.Bf4xd6 Qd8xd6
9.c3 O-O
10.Nb1d2 h6
11.e4 dxe4
12.Nd2xe4 Nf6xe4
13.Bf3xe4 Ra8d8
14.Qd1f3 Nc6a5
15.Rf1e1 c6
16.Ra1d1 Na5c4
 { time }
0-1

[Event "Tourn. n8304"]
[Site "www.chess-mail.com"]
[Date "2015.07.20"]
[Round "1"]
[White "Bojan"]
[Black "Zazi"]
[WhiteElo "1890"]
[BlackElo "1630"]
[Result "1-0"]
[Round "1"]
1.c3 c5
2.Ng1f3 Qd8b6
3.g3 Nb8c6
4.Bf1g2 d5
5.d3 Ng8f6
6.b3 Nf6g4
7.c4 dxc4
8.bxc4 Bc8e6
9.Nb1c3 O-O-O
10.Nf3g5 Be6xc4
11.Ra1b1 Qb6a5
12.Bc1d2 Bc4e6
13.Ng5xe6 fxe6
14.Bg2xc6 bxc6
15.Qd1b3 Kd7
16.Qb3b7 Ke8
17.Qb7xc6 Kf7
18.Nc3e4 Qa5xa2
19.O-O Qa2d5
20.Qc6xc5 Qd5xc5
21.Ne4xc5 g6
22.Bd2c3 Rh8g8
23.Rb1a1 Rd8c8
24.Bc3d4 e5
25.Bd4b2 Rc8xc5
26.Ra1xa7 Bf8g7
27.h3 Ng4h6
28.Bb2a3 Rc5c2
29.Ra7xe7 Kf6
30.Rf1e1 Bg7f8
31.Re7xh7 Bf8xa3
32.Rh7xh6 Ba3b4
33.Re1b1 Bb4e7
34.Kf1 Kg7
35.Rb1b7 Kxh6
36.Rb7xe7 Rc2c5
37.h4 Kh5
38.f3 Rg8h8
39.Kg2 g5
40.hxg5 Kxg5
41.Kf2 Kf5
42.Ke3 Rh8h3
43.g4 Kf6
44.Re7e8 Kf7
45.Re8d8 Rc5c3
46.Ke4 Rh3h2
47.e3 Rh2e2
48.Rd8d5 Kf6
49.Rd5xe5 Re2a2
50.d4 Ra2a4
51.Kf4 Rc3b3
52.g5 Kg6
53.Re5e6 Kf7
54.Re6e5 Ra4a1
55.d5 Ra1a8
56.Re5e6 Ra8a4
57.e4 Ra4a3
58.Re6f6 Kg7
59.Kg4 Rb3b2
60.f4 Ra3e3
61.Kf5 Rb2e2
62.Rf6e6 Kh7
63.Re6e7 Kg8
64.g6 Re2f2
65.Kg5 Re3g3
66.Kf5 Rg3f3
67.Ke6 Rf3xf4
68.e5 Rf4g4
69.Re7e8 Kg7
70.Kd7 Rg4xg6
71.d6 Rf2e2
72.Kc7 Re2c2
73.Kd7 Kh7
74.Kd8 Rg6g7
75.Re8e7 Rg7xe7
76.Kxe7 Kg6
77.e6 Kf5
78.Kd7 Kf6
79.e7 Rc2e2
80.e8Q Re2xe8
81.Kxe8 Ke6
82.d7 Kf6
83.d8Q Kg7
84.Qd8g5 Kh8
85.Kf7 Kh7
86.Qg5g7 
1-0

[Event "Tourn. n8304"]
[Site "www.chess-mail.com"]
[Date "2015.07.20"]
[Round "1"]
[White "Zazi"]
[Black "Mitja"]
[WhiteElo "1630"]
[BlackElo "1660"]
[Result "1-0"]
[Round "1"]
1.e4 d5
2.f3 dxe4
3.fxe4 e6
4.Qd1f3 c6
5.Nb1c3 Nb8d7
6.Ng1h3 h6
7.d4 Nd7b6
8.Bc1e3 Ng8f6
9.e5 Nf6d5
10.O-O-O Nd5xc3
11.bxc3 Nb6d5
12.Be3d2 Qd8b6
13.c4 Nd5e7
14.Bd2c3 Ne7f5
15.c5 Qb6c7
16.Bf1c4 b5
17.Bc4b3 a5
18.a4 b4
19.Bc3b2 Bc8b7
20.Qf3h5 Bf8e7
21.Qh5f3 g6
22.Rh1f1 Rh8f8
23.g4 Nf5g7
24.Qf3d3 O-O-O
25.Qd3e4 h5
26.gxh5 Ng7xh5
27.Kb1 Nh5g7
28.Bb2c1 Ng7f5
29.Nh3g5 Kb8
30.Qe4d3 Be7xc5
31.c3 bxc3
32.Qd3xc3 Bc5xd4
33.Qc3c2 Bd4xe5
34.Bb3xe6 Rd8xd1
35.Rf1xd1 fxe6
36.Ng5xe6 Qc7b6
37.Ka2 Rf8e8
38.Ne6c5 Re8d8
39.Bc1d2 Nf5d6
40.Rd1b1 Qb6a7
41.Bd2e3 Qa7a8
42.Qc2xg6 Rd8e8
43.Nc5d7 Kc7
44.Qg6h7 Qa8d8
45.Be3b6 Kc8
46.Bb6xd8 { resign }
1-0

[Event "Tourn. n8268"]
[Site "www.chess-mail.com"]
[Date "2015.07.20"]
[Round "1"]
[White "Mitja"]
[Black "Zazi"]
[WhiteElo "1660"]
[BlackElo "1630"]
[Result "0-1"]
[Round "1"]
1.d4 d5
2.e3 f5
3.Bf1d3 Nb8c6
4.Nb1c3 e6
5.a3 Qd8g5
6.Bd3f1 h5
7.Ng1f3 Qg5f6
8.Bf1b5 Kd8
9.Bb5xc6 bxc6
10.Nf3e5 Bc8b7
11.Bc1d2 Ra8b8
12.O-O Bf8d6
13.f4 Ng8e7
14.Nc3a4 Bb7a6
15.Rf1e1 Ke8
16.b4 g5
17.Na4c5 Bd6xc5
18.bxc5 g4
19.g3 h4
20.Ra1b1 Rb8d8
21.c3 hxg3
22.hxg3 Qf6h6
23.Ne5xg4 fxg4
24.Qd1xg4 Qh6h1
{ resign }
0-1

[Event "Tourn. n8268"]
[Site "www.chess-mail.com"]
[Date "2015.07.20"]
[Round "1"]
[White "Bojan"]
[Black "Zazi"]
[WhiteElo "1890"]
[BlackElo "1630"]
[Result "1-0"]
[Round "1"]
1.e4 Nb8c6
2.Ng1f3 e5
3.d4 f6
4.dxe5 fxe5
5.Bf1b5 Bf8d6
6.Bc1g5 Nc6e7
7.Qd1d3 a6
8.Bb5c4 h6
9.Bg5h4 g5
10.Bh4g3 Ne7c6
11.Nb1c3 Bd6b4
12.Nf3xe5 Ng8f6
13.Ne5f7 Qd8e7
14.Nf7xh8 Nc6e5
15.Bg3xe5 Qe7xe5
16.O-O-O Bb4xc3
17.Nh8g6 Bc3xb2
18.Kb1 Qe5d6
19.Qd3xd6 cxd6
20.Kxb2 Kd8
21.f3 b5
22.Bc4b3 a5
23.Rd1xd6 Nf6e8
24.Rd6d5 Ne8c7
25.Rd5f5 d6
26.Rf5f8 Kd7
27.Rh1d1 a4
28.Rf8f7 Kc6
29.Ng6e7 Kc5
30.Bb3d5 Ra8a7
31.Ne7xc8 a3
32.Kb3 Nc7xd5
33.Rf7xa7 b4
34.Rd1xd5 Kc6
35.Rd5xd6 Kb5
36.Ra7f7 { resign }
1-0

[Event "Tourn. n8290"]
[Site "www.chess-mail.com"]
[Date "2015.07.20"]
[Round "1"]
[White "Julianlore"]
[Black "Sonivano"]
[WhiteElo "2180"]
[BlackElo "2300"]
[Result "1-0"]
[Round "1"]
1.e4 e5
2.Ng1f3 Nb8c6
3.Bf1b5 Nc6d4
4.Nf3xd4 exd4
5.O-O c6
6.Bb5c4 d5
7.exd5 cxd5
8.Bc4b5 Bc8d7
9.Rf1e1 Bf8e7
10.Qd1g4 Bd7xb5
11.Qg4xg7 Qd8b6
12.Qg7xh8 O-O-O
13.Qh8xh7 d3
{ time. }
1-0

[Event "Tourn. n8290"]
[Site "www.chess-mail.com"]
[Date "2015.07.20"]
[Round "1"]
[White "Julianlore"]
[Black "Libiesse"]
[WhiteElo "2180"]
[BlackElo "2020"]
[Result "1-0"]
[Round "1"]
1.e4 c5
2.Ng1f3 e6
3.d4 cxd4
4.Nf3xd4 Nb8c6
5.Nb1c3 Qd8c7
6.Bf1e2 Ng8e7
7.Nd4b5 { resign }
1-0

[Event "Tourn. n8210"]
[Site "www.chess-mail.com"]
[Date "2015.07.20"]
[Round "1"]
[White "Colchester"]
[Black "Cristiano"]
[WhiteElo "2030"]
[BlackElo "2150"]
[Result "1/2-1/2"]
[Round "1"]
1.d4 Ng8f6
2.c4 g6
3.g3 Bf8g7
4.Bf1g2 c6
5.Nb1c3 O-O
6.e4 d6
7.Ng1e2 e5
8.dxe5 dxe5
9.Bc1g5 Nb8d7
10.O-O Nd7b6
11.b3 Bc8e6
12.Qd1c2 Qd8c8
13.Rf1d1 Rf8d8
14.Rd1xd8 Qc8xd8
15.Ra1d1 Qd8c7
16.h3 Ra8d8
17.Rd1xd8 { draw }
1/2-1/2

[Event "Tourn. n8113"]
[Site "www.chess-mail.com"]
[Date "2015.07.20"]
[Round "1"]
[White "Emmanuelasi"]
[Black "Aperturaf"]
[WhiteElo "2340"]
[BlackElo "2420"]
[Result "0-1"]
[Round "1"]
1.e4 e6
2.d4 d5
3.Nb1d2 c5
4.c3 cxd4
5.cxd4 Nb8c6
6.Ng1f3 Ng8e7
7.Bf1e2 Qd8b6
8.Qd1a4 dxe4
9.Nd2xe4 Ne7f5
10.Be2b5 Bc8d7
11.O-O a6
12.Bb5xc6 Bd7xc6
13.Qa4c2 Nf5xd4
14.Nf3xd4 Qb6xd4
15.Ne4g3 Ra8d8
16.Bc1e3 Qd4d3
17.Qc2xd3 Rd8xd3
18.Rf1d1 Rd3xd1
19.Ra1xd1 Bf8e7
20.f3 f5
21.Be3d4 Kf7
22.Bd4b6 Be7f6
23.b3 Rh8c8
24.Kf2 f4
25.Ng3e2 e5
26.Rd1c1 { time. }
0-1

[Event "Tourn. n8120"]
[Site "www.chess-mail.com"]
[Date "2015.07.20"]
[Round "1"]
[White "Emmanuelasi"]
[Black "Cathar"]
[WhiteElo "2330"]
[BlackElo "2230"]
[Result "0-1"]
[Round "1"]
1.e4 g6
2.d4 Bf8g7
3.Ng1f3 d6
4.h3 Ng8f6
5.Nb1c3 O-O
6.Bf1e2 e6
7.Bc1e3 a6
8.Qd1d2 b5
9.a3 Bc8b7
10.Be3g5 Qd8c8
11.d5 Nb8d7
12.O-O Nd7c5
13.Bg5xf6 Bg7xf6
14.Nf3d4 Rf8e8
15.Be2f3 Nc5d7
16.g3 Nd7e5
17.Bf3g2 Ne5c4
18.Qd2d3 Nc4xb2
19.Qd3d2 Nb2c4
20.Qd2d3 Bf6g7
21.Rf1b1 Nc4b6
22.a4 bxa4
23.Nc3xa4 Nb6xa4
24.Ra1xa4 exd5
25.exd5 Bg7xd4
26.Ra4xd4 c5
27.Rd4h4 Re8e7
28.Qd3d2 Qc8f8
29.Qd2f4 Ra8d8
30.Qf4f6 Bb7c8
31.Rb1b6 Re7b7
32.Rb6c6 Rb7b1
33.Kh2 Bc8f5
34.Rc6c7 Bf5xc2
35.Rh4f4 Bc2f5
36.g4 Bf5d7
37.Rf4e4 Rb1b8
38.Re4e7 Bd7e8
39.Bg2e4 Qf8g7
40.Qf6f4 Rb8a8
41.h4 a5
42.h5 g5
43.Qf4f3 { time. }
0-1

[Event "Tourn. n8233"]
[Site "www.chess-mail.com"]
[Date "2015.07.20"]
[Round "1"]
[White "Olddog55"]
[Black "Anja"]
[WhiteElo "1730"]
[BlackElo "1750"]
[Result "1-0"]
[Round "1"]
1.d4 f5
2.g3 Ng8f6
3.Bf1h3 g6
4.Ng1f3 Bf8g7
5.O-O O-O
6.Nb1c3 d6
7.d5 Nb8d7
8.Nf3d4 Nd7c5
9.b4 Nc5e4
10.f3 Ne4xc3
11.Qd1d3 Nc3xd5
12.Qd3c4 Kh8
13.g4 fxg4
14.fxg4 Nd5b6
15.Qc4d3 Nf6xg4
16.Nd4f3 Bc8d7
17.c3  { time }
1-0

[Event "Tourn. n8223"]
[Site "www.chess-mail.com"]
[Date "2015.07.20"]
[Round "1"]
[White "Churrasca"]
[Black "Johnmcbride"]
[WhiteElo "2100"]
[BlackElo "1820"]
[Result "1-0"]
[Round "1"]
1.e4 e5
2.Ng1f3 d6
3.d4 exd4
4.Nf3xd4 c5
5.Bf1b5 Bc8d7
6.Bb5xd7 Qd8xd7
7.Nd4f5 Qd7e6
8.Nb1c3 g6
9.Nf5e3 Ng8f6
10.f3 Bf8g7
11.Nc3b5 Qe6d7
12.Nb5xd6 Ke7
13.e5 Nf6h5
14.Ne3d5 Ke6
15.f4 Nb8c6
16.Nd6e4 b6
17.Ne4g5 Kf5
18.g4 
1-0

[Event "Tourn. n8190"]
[Site "www.chess-mail.com"]
[Date "2015.07.20"]
[Round "1"]
[White "Cathar"]
[Black "Krystek23"]
[WhiteElo "2250"]
[BlackElo "2320"]
[Result "1-0"]
[Round "1"]
1.e4 c5
2.Ng1f3 Nb8c6
3.d4 cxd4
4.Nf3xd4 a6
5.c4 Qd8b6
6.Nd4b3 e6
7.Nb1c3 Qb6c7
8.Bf1e2 Bf8d6
9.h3 Bd6e5
10.c5 Be5f6
11.Bc1e3 Bf6xc3
12.bxc3 Ng8f6
13.Qd1c2 O-O
14.O-O h6
15.f4 e5
16.f5 Rf8d8
17.g4 d5
18.cxd6 Rd8xd6
19.h4 b6
20.g5 Nc6b4
21.Qc2c1 Nb4xa2
22.Ra1xa2 Nf6xe4
23.Kh2 hxg5
24.hxg5 Qc7xc3
25.Ra2c2 Qc3xb3
26.Rc2xc8 Rd6d8
27.Rc8xa8 Rd8xa8
28.Qc1c6 Qb3xe3
29.Qc6xa8 Kh7
30.g6 Kh6
31.Qa8h8 Kg5
32.Rf1g1 Kf6
33.Qh8h4 Kxf5
34.gxf7 Qe3xe2
35.Rg1g2 Qe2d1
36.f8Q { resign }
1-0

[Event "Tourn. n8190"]
[Site "www.chess-mail.com"]
[Date "2015.07.20"]
[Round "1"]
[White "T9l9"]
[Black "Cathar"]
[WhiteElo "2340"]
[BlackElo "2250"]
[Result "1-0"]
[Round "1"]
1.d4 Ng8f6
2.c4 e6
3.Ng1f3 c5
4.d5 d6
5.Nb1c3 exd5
6.cxd5 g6
7.e4 a6
8.a4 Bc8g4
9.Qd1b3 Bg4xf3
10.Qb3xb7 Nb8d7
11.gxf3 Bf8g7
12.Bc1f4 Ra8b8
13.Qb7xa6 O-O
14.Qa6e2 Nf6h5
15.Bf4xd6 Qd8f6
16.Bd6xb8 Rf8xb8
17.O-O-O Nh5f4
18.Qe2c2 Nd7e5
19.Bf1e2 Rb8b4
20.d6 c4
21.d7 Ne5d3
22.Be2xd3 cxd3
23.Rd1xd3 Nf4xd3
24.Qc2xd3 Rb4d4
25.Qd3xd4 Qf6xd4
26.Rh1d1 { resign }
1-0

[Event "Tourn. n8190"]
[Site "www.chess-mail.com"]
[Date "2015.07.20"]
[Round "1"]
[White "Jaroslavpech"]
[Black "Cathar"]
[WhiteElo "2390"]
[BlackElo "2250"]
[Result "0-1"]
[Round "1"]
1.e4 d6
2.d4 Ng8f6
3.Nb1c3 e5
4.dxe5 dxe5
5.Qd1xd8 Kxd8
6.Bf1c4 Bc8e6
7.Bc4xe6 fxe6
8.f3 Bf8d6
9.Bc1e3 a6
10.Ng1h3 Ke7
11.Nh3f2 Nb8c6
12.O-O-O h6
13.Nf2d3 b6
14.b3 Nf6h5
15.Rd1d2 Rh8f8
{ time. }
0-1

[Event "Tourn. n8308"]
[Site "www.chess-mail.com"]
[Date "2015.07.20"]
[Round "1"]
[White "Guidom"]
[Black "Picifarkinca"]
[WhiteElo "2070"]
[BlackElo "1820"]
[Result "1/2-1/2"]
[Round "1"]
1.e4 c6
2.d4 d5
3.exd5 Qd8xd5
4.Nb1c3 Qd5d8
5.Ng1f3 Ng8f6
6.Bf1c4 e6
7.O-O Bf8d6
8.Bc1g5 Nb8d7
9.Rf1e1 O-O
10.h3 Qd8c7
11.Qd1e2 Bd6f4
12.Bg5xf6 Nd7xf6
13.Nf3e5 Nf6d5
14.Bc4xd5 exd5
15.Qe2f3 Bf4h6
16.Nc3e2 f6
17.Ne5g4 Bc8xg4
18.Qf3xg4 Qc7c8
19.Qg4xc8 Ra8xc8
20.c3 Rf8e8
21.Ne2g3 g6
22.Kf1 { draw }
1/2-1/2

[Event "Tourn. n8247"]
[Site "www.chess-mail.com"]
[Date "2015.07.20"]
[Round "1"]
[White "Tomcapp"]
[Black "Iko"]
[WhiteElo "1540"]
[BlackElo "1480"]
[Result "1-0"]
[Round "1"]
1.e4 e5
2.Ng1f3 d6
3.c4 Ng8f6
4.Nb1c3 Nb8c6
5.d3 Bc8e6
6.Bc1g5 a5
7.a3 Ra8a6
8.Nc3d5 Be6xd5
9.exd5 h6
10.Bg5xf6 Qd8xf6
11.dxc6 Ra6xc6
12.b4 b6
13.b5 Rc6c5
14.Bf1e2 d5
15.cxd5 Rc5xb5
16.d6 cxd6
17.a4 Rb5b4
18.Qd1c2 e4
19.dxe4 Qf6xa1
20.Be2d1 Qa1xa4
21.Qc2c8 Ke7
22.Bd1xa4 Rb4xa4
23.Qc8c7 Kf6
24.Qc7c3 Kg6
25.Nf3h4 Kh5
26.Nh4f5 Ra4b4
27.Qc3f3 Kg5
28.h4 Kf6
29.Nf5xd6 Ke6
30.Nd6xf7 Rh8g8
31.Qf3f5 Ke7
32.O-O a4
33.Rf1c1 a3
34.Rc1c7 Ke8
35.Qf5c8 
1-0

[Event "Tourn. n8247"]
[Site "www.chess-mail.com"]
[Date "2015.07.20"]
[Round "1"]
[White "Ruko"]
[Black "Tomcapp"]
[WhiteElo "1680"]
[BlackElo "1540"]
[Result "1-0"]
[Round "1"]
1.e4 e5
2.Ng1f3 Nb8c6
3.Bf1c4 Ng8f6
4.Nb1c3 Bf8b4
5.d3 Bb4xc3
6.bxc3 b6
7.Bc1g5 Bc8b7
8.d4 exd4
9.cxd4 O-O
10.e5 Rf8e8
11.O-O a6
12.exf6 g6
13.Qd1d2 b5
14.Bc4d5 d6
15.Rf1e1 Re8f8
16.Bg5h4 b4
17.Qd2h6 Rf8e8
18.Qh6g7 { resign }
1-0

[Event "Tourn. n8036"]
[Site "www.chess-mail.com"]
[Date "2015.07.20"]
[Round "1"]
[White "Luban"]
[Black "Falcoale"]
[WhiteElo "2100"]
[BlackElo "1830"]
[Result "1-0"]
[Round "1"]
1.d4 Ng8f6
2.c4 e6
3.e3 b6
4.Ng1f3 Bc8b7
5.a3 d5
6.Nb1c3 c5
7.dxc5 bxc5
8.Bf1e2 Bf8e7
9.O-O O-O
10.cxd5 Nf6xd5
11.Bc1d2 a6
12.Qd1c2 Nb8d7
13.Nc3xd5 Bb7xd5
14.Bd2c3 f6
15.Ra1d1 Ra8b8
16.Qc2c1 Qd8c7
17.Bc3b4 Qc7b7
18.Bb4c3 Rf8d8
19.Rd1d2 Nd7b6
20.Bc3a5 Rd8c8
21.Ba5xb6 Qb7xb6
22.Rd2c2 Qb6b7
23.Rc2d2 a5
24.Be2c4 Kh8
25.Bc4xd5 exd5
26.Rf1d1 Rc8d8
27.h3 Rb8c8
28.Nf3e1 f5
29.Ne1d3 Be7g5
30.Nd3xc5 Qb7f7
31.b4 axb4
32.axb4 Bg5e7
33.Rd2c2 Be7g5
34.Qc1b1 Qf7e7
35.Qb1b3 f4
36.exf4 Bg5f6
37.Rd1xd5 Rd8xd5
38.Qb3xd5 Qe7e1
39.Kh2 Qe1xb4
40.f5 Rc8e8
41.Qd5f7 Re8g8
42.Nc5e6 Qb4d6
43.f4 Bf6e7
44.Rc2c7 Be7f6
45.Rc7d7 Qd6b4
46.Rd7b7 Qb4c3
47.Ne6g5 Qc3e3
48.Ng5e6 Bf6d4
49.Rb7b1 h6
50.Rb1f1 Bd4f6
51.Rf1f3 Qe3e1
52.Rf3g3 Qe1e4
53.Qf7g6 Qe4b4
54.Rg3g4 Qb4b7
55.h4 Qb7d7
56.Ne6g5 Bf6xg5
57.hxg5 Qd7e8
58.gxh6 Qe8xg6
59.Rg4xg6 gxh6
60.Rg6xh6 Kg7
61.Rh6g6 Kf7
62.Rg6xg8 { resign }
1-0

[Event "Tourn. n7929"]
[Site "www.chess-mail.com"]
[Date "2015.07.20"]
[Round "1"]
[White "Rons"]
[Black "Numanoid"]
[WhiteElo "2540"]
[BlackElo "2590"]
[Result "1/2-1/2"]
[Round "1"]
1.e4 d6
2.d4 Ng8f6
3.Nb1c3 g6
4.f4 Bf8g7
5.Ng1f3 c5
6.Bf1b5 Bc8d7
7.e5 Nf6g4
8.e6 Bd7xb5
9.exf7 Kd7
10.Nc3xb5 Qd8a5
11.Nb5c3 cxd4
12.Nf3xd4 Qa5h5
13.Nc3e4 Nb8c6
14.Nd4f3 Ng4f6
15.Ne4xf6 Bg7xf6
16.O-O Rh8f8
17.Bc1e3 Rf8xf7
18.c4 Ra8d8
19.Qd1b3 Kc8
20.Ra1d1 e6
21.Qb3a3 Qh5a5
22.Rd1xd6 Qa5xa3
23.Rd6xd8 Kxd8
24.Rf1d1 Rf7d7
25.Rd1xd7 Kxd7
26.bxa3 a6
27.Kf2 Nc6a5
28.Nf3d2 Bf6e7
29.a4 Be7b4
30.Nd2e4 Bb4e7
31.c5 Na5c6
32.Ke2 e5
33.g3 Ke6
34.Kd3 exf4
35.gxf4 Kd5
36.Ne4c3 Ke6
37.h3 Kf5
38.Kc4 h5
39.Be3d2 Be7f8
40.Nc3d5 Ke4
41.Nd5c7 Kf3
42.Kd5 Kg3
43.Nc7xa6 Kxh3
44.Na6b4 h4
45.Nb4xc6 bxc6
46.Kd4 Kg2
47.a5 h3
48.a6 h2
49.a7 Bf8g7
50.Kd3 h1Q
51.a8Q Qh1b1
52.Ke3 Qb1b5
53.Qa8d8 Qb5xc5
54.Ke2 Qc5h5
55.Kd3 Qh5f5
56.Ke2 Qf5e4
57.Bd2e3 Qe4c4
58.Qd8d3 Qc4xa2
59.Qd3d2 Qa2c4
60.Ke1 Kf3
61.Qd2f2 Ke4
62.Qf2g3 Bg7d4
63.Be3d2 Qc4e6
64.Kd1 Kd5
65.Qg3g5 Kc4
66.Qg5a5 Qe6g4
67.Kc1 Qg4f3
68.Qa5a8 Qf3f1
69.Kc2 Qf1d3
70.Kd1 Qd3b1
71.Ke2 Qb1e4
72.Kd1 Kb3
73.Qa8b8 Ka2
74.Kc1 Qe4d3
75.Qb8b4 c5
76.Qb4a5 Qd3a3
77.Kc2 Qa3xa5
78.Bd2xa5 Ka3
79.Ba5c3 Bd4e3
80.Bc3e5 Kb4
{ draw }
1/2-1/2

[Event "Tourn. n8282"]
[Site "www.chess-mail.com"]
[Date "2015.07.20"]
[Round "1"]
[White "Mitja"]
[Black "Picifarkinca"]
[WhiteElo "1660"]
[BlackElo "1820"]
[Result "0-1"]
[Round "1"]
1.d4 Ng8f6
2.e3 d5
3.h3 c6
4.Ng1f3 Nb8d7
5.c3 Qd8c7
6.Nb1d2 e5
7.Nf3xe5 Nd7xe5
8.dxe5 Qc7xe5
9.Nd2f3 Qe5c7
10.Bf1e2 Bf8d6
11.Be2d3 O-O
12.Bd3c2 Bc8d7
13.b3 Ra8e8
14.Bc1b2 Nf6e4
15.Qd1d4 Bd6c5
16.Qd4d3 Bc5xe3
17.fxe3 Qc7g3
18.Ke2 Qg3xg2
19.Ke1 Qg2xh1
20.Ke2 Qh1g2
21.Ke1 Qg2f2
22.Kd1 Qf2xf3
23.Kc1 Bd7f5
{ resign }
0-1

[Event "Tourn. n8118"]
[Site "www.chess-mail.com"]
[Date "2015.07.20"]
[Round "1"]
[White "Merimee"]
[Black "Powerchess"]
[WhiteElo "1540"]
[BlackElo "1400"]
[Result "1/2-1/2"]
[Round "1"]
1.d3 g6
2.e4 Bf8g7
3.Nb1c3 c5
4.Bc1f4 d6
5.Ng1f3 Ng8f6
6.h3 O-O
7.Bf1e2 a6
8.O-O Nb8c6
9.Nf3g5 Nc6d4
10.Bf4e3 e5
11.Qd1d2 b5
12.f4 b4
13.Nc3a4 Bc8d7
14.c3 Nd4xe2
15.Qd2xe2 Bd7xa4
16.Be3f2 h6
17.Ng5f3 bxc3
18.bxc3 Qd8c7
19.c4 Ra8b8
20.Rf1b1 Rb8xb1
21.Ra1xb1 Nf6d7
22.Bf2e3 Rf8b8
23.Rb1b2 Rb8xb2
24.Qe2xb2 Qc7b6
25.Qb2xb6 Nd7xb6
26.Kh2 exf4
27.Be3xf4 Bg7f8
28.e5 dxe5
29.Nf3xe5 Bf8g7
30.Ne5g4 g5
31.Bf4c7 Nb6d7
32.Bc7d6 Kh7
33.g3 Ba4c2
34.Ng4f2 Bg7d4
{ draw }
1/2-1/2

[Event "Tourn. n8282"]
[Site "www.chess-mail.com"]
[Date "2015.07.20"]
[Round "1"]
[White "Bojan"]
[Black "Mitja"]
[WhiteElo "1890"]
[BlackElo "1660"]
[Result "1-0"]
[Round "1"]
1.c4 d5
2.e3 dxc4
3.Bf1xc4 e6
4.d4 c6
5.e4 h6
6.a3 Ng8f6
7.f3 Nb8d7
8.Nb1c3 Nd7b6
9.Bc4b3 Bf8e7
10.Ng1e2 Qd8c7
11.Bc1e3 Bc8d7
12.Be3f4 Qc7c8
13.Ra1c1 Qc8d8
14.h3 Nf6h5
15.Bf4e3 Nh5f6
16.g4 Nf6h7
17.Be3f4 Be7g5
18.h4 Bg5xh4
19.Kf1 Bh4g5
20.Rc1b1 Bg5xf4
21.Ne2xf4 Nh7g5
22.Nf4h5 O-O
23.Bb3c2 Qd8e7
24.f4 Ng5h7
25.e5 Nb6d5
26.Qd1d3 g6
27.Nh5g3 Nd5xf4
28.Qd3f3 Qe7g5
29.Ng3e4 Qg5e7
30.Qf3xf4 g5
31.Qf4f3 f5
32.Ne4f6 Nh7xf6
33.exf6 Rf8xf6
34.Qf3g3 fxg4
35.Kg2 Ra8f8
36.Rb1f1 Kg7
37.Qg3xg4 e5
38.Qg4e2 Rf6xf1
39.Rh1xf1 Rf8xf1
40.Kxf1 Qe7f7
41.Kg2 exd4
42.Nc3d1 c5
43.Qe2e5 Kf8
44.Qe5xc5 Ke8
45.Qc5xd4 Bd7c6
46.Kg1 Qf7f3
47.Qd4e3 { resign }
1-0

[Event "Tourn. n8125"]
[Site "www.chess-mail.com"]
[Date "2015.07.20"]
[Round "1"]
[White "Difficult"]
[Black "Faerieking"]
[WhiteElo "2180"]
[BlackElo "2130"]
[Result "0-1"]
[Round "1"]
1.c4 Ng8f6
2.Nb1c3 e6
3.Ng1f3 b6
4.d4 Bf8b4
5.Bc1d2 O-O
6.e3 Bc8b7
7.a3 Bb4e7
8.Bf1d3 d6
9.O-O d5
10.cxd5 exd5
11.Nf3e5 c5
12.f4 Nb8c6
13.Ne5xc6 Bb7xc6
14.g4 h6
15.h3 Qd8d6
16.Nc3e2 Ra8e8
17.Ne2g3 Be7d8
18.Ng3f5 Qd6d7
19.dxc5 bxc5
20.Qd1c2 Bd8b6
21.Kg2 c4
22.Bd3e2 d4
23.Be2f3 dxe3
24.Bd2c3 e2
25.Rf1e1 Bc6xf3
26.Kxf3 Qd7d5
27.Kg3 Qd5d3
28.Qc2xd3 cxd3
29.Bc3b4 g6
30.Nf5xh6 Kg7
31.g5 Nf6h5
32.Kg4 Re8e3
33.Bb4c3 Kh7
34.Re1g1 f5
35.Kh4 Re3f3
36.Ra1e1 Bb6f2
{ resign }
0-1

[Event "Tourn. n8281"]
[Site "www.chess-mail.com"]
[Date "2015.07.20"]
[Round "1"]
[White "Aggiesam"]
[Black "Culiflori"]
[WhiteElo "1319"]
[BlackElo "999"]
[Result "0-1"]
[Round "1"]
1.e4 e5
2.Ng1f3 Nb8c6
3.Bf1c4 Bf8c5
4.O-O Ng8f6
5.d3 d6
6.Bc1g5 Bc8g4
7.Nb1c3 h6
8.h3 Bg4xf3
9.Qd1xf3 hxg5
10.Ra1d1 Qd8d7
11.Bc4d5 Nc6d4
12.Qf3e3 c6
13.Qe3xg5 cxd5
14.exd5 O-O-O
15.a4 Nd4xc2
16.Nc3e4 Nf6xe4
17.Qg5xg7 Rd8g8
18.Qg7xg8 Rh8xg8
19.dxe4 Qd7xh3
{ resign }
0-1

[Event "Tourn. n8266"]
[Site "www.chess-mail.com"]
[Date "2015.07.20"]
[Round "1"]
[White "A27l"]
[Black "Cheminet"]
[WhiteElo "1130"]
[BlackElo "1420"]
[Result "0-1"]
[Round "1"]
1.e4 e6
2.d3 c5
3.Ng1f3 g6
4.g3 Bf8g7
5.Bf1g2 Nb8c6
6.O-O Ng8f6
7.c3 Qd8a5
8.Bc1e3 O-O
9.Qd1d2 b6
10.Qd2e2 Bc8a6
11.Qe2d2 Ra8c8
12.c4 { time. }
0-1